Macro econ 6: (Record no. 31350)
[ view plain ]
| 000 -LEADER | |
|---|---|
| fixed length control field | 00449nam a22001457a 4500 |
| 008 - FIXED-LENGTH DATA ELEMENTS--GENERAL INFORMATION | |
| fixed length control field | 220302b |||||||| |||| 00| 0 eng d |
| 020 ## - INTERNATIONAL STANDARD BOOK NUMBER | |
| International Standard Book Number | 9781337408745 |
| 050 ## - LIBRARY OF CONGRESS CALL NUMBER | |
| Classification number | HB 172 .5 .M34 2019 |
| 100 ## - MAIN ENTRY--PERSONAL NAME | |
| Personal name | McEachern,Willoiam A. |
| 245 ## - TITLE STATEMENT | |
| Title | Macro econ 6: |
| Remainder of title | principles of macroeconomics/ |
| 260 ## - PUBLICATION, DISTRIBUTION, ETC. (IMPRINT) | |
| Place of publication, distribution, etc. | Australia: |
| Name of publisher, distributor, etc. | Cenacage, |
| Date of publication, distribution, etc. | c2019. |
| 300 ## - PHYSICAL DESCRIPTION | |
| Extent | vi,362p.: |
| Other physical details | ill.;(chifly col.) |
| Dimensions | 28cm |
| 504 ## - BIBLIOGRAPHY, ETC. NOTE | |
| Bibliography, etc | Include index |
| 942 ## - ADDED ENTRY ELEMENTS (KOHA) | |
| Source of classification or shelving scheme | |
| Call number suffix | HB 172 .5 .M34 2019 |
| Koha item type | Hard Covered Materials |
| Withdrawn status | Lost status | Source of classification or shelving scheme | Damaged status | Not for loan | Home library | Current library | Shelving location | Date acquired | Source of acquisition | Cost, normal purchase price | Total Checkouts | Full call number | Barcode | Date last seen | Price effective from | Koha item type |
|---|---|---|---|---|---|---|---|---|---|---|---|---|---|---|---|---|
| MACHAKOS UNIVERSITY LIBRARY | MACHAKOS UNIVERSITY LIBRARY | Open shelf | 02/03/2022 | Donation(Damaris Kimanzi) | 3087.00 | HB 172 .5 .M34 2019 | 23983 | 02/03/2022 | 02/03/2022 | Hard Covered Materials |